LEADER 01825nam 2200433Ia 450 001 996397622303316 005 20200818213057.0 035 $a(CKB)4940000000065371 035 $a(EEBO)2240868512 035 $a(UnM)99899065e 035 $a(UnM)99899065 035 $a(EXLCZ)994940000000065371 100 $a19931119d1534 uy | 101 0 $aeng 135 $aurbn||||a|bb| 200 13$aAn exhortacyon to the dylygent study of scripture: made by Erasmus of Roterodamus. And lately translated into Englysshe$b[electronic resource] 210 $a[[London] $cImprynted by me Robert Wyer, dwellynge in saynt Martyns parysshe, in the bysshop of Norwytche rentes$d[1534?]] 215 $a[148] p 300 $aA translation of: Paraclesis. 300 $aTranslated by William Roy?--STC. 300 $aPrinter's name and address from colophon; publication date conjectured by STC. 300 $aSignatures: a-c d² ; ² a-² f. 300 $aPart 2 only. ² a3v-² a4r missed in filming. 300 $a"An exhortacyon to the study of readynge the Gospell", translated from the "Paraphrases in Novum Testamentum", has separate title page and register. 300 $aThe last leaf bears a printer's mark. 300 $aReproduction of original in the John Rylands University Library, Manchester, England. 330 $aeebo-0116 700 $aErasmus$b Desiderius$fd. 1536.$0799747 702 $aRoy$b William$ffl. 1527-1531, 702 $aErasmus$b Desiderius$fd. 1536.$4aut. 801 0$bCu-RivES 801 1$bCu-RivES 801 2$bCStRLIN 801 2$bCu-RivES 801 2$bWaOLN 906 $aBOOK 912 $a996397622303316 996 $aAn exhortacyon to the dylygent study of scripture: made by Erasmus of Roterodamus. And lately translated into Englysshe$92327131 997 $aUNISA